000 00671nam a22002297a 4500
003 UA-OsUOA
001 101276
007 ta
008 20130612b un ||||| |||| 00| 0 ukr d
100 _aКоплстон Ф.
090 _a141.31(750)(092)+929
_bК65
942 _cBK
040 _aUA-OsUOA
_brus
_cUA-OsUOA
_dUA-OsUOA
245 _aАквинат. Введение в философию великого средневекового мыслителя
300 _a274 с.
955 _a1
041 _arus
080 _a141.31(750)(092)+929
260 _aМ.
_bВестком
_c1999
650 7 _a1 Філософські науки
_2UDC
999 _c387456
_d387456